<?xml version="1.0" encoding="UTF-8"?>
<record
    xmlns:xsi="http://www.w3.org/2001/XMLSchema-instance"
    xsi:schemaLocation="http://www.loc.gov/MARC21/slim http://www.loc.gov/standards/marcxml/schema/MARC21slim.xsd"
    xmlns="http://www.loc.gov/MARC21/slim">

  <leader>02026nam a22001457a 4500</leader>
  <datafield tag="999" ind1=" " ind2=" ">
    <subfield code="c">66472</subfield>
    <subfield code="d">66469</subfield>
  </datafield>
  <datafield tag="082" ind1=" " ind2=" ">
    <subfield code="a">R/IMS-19</subfield>
  </datafield>
  <datafield tag="100" ind1=" " ind2=" ">
    <subfield code="a">Ateya , Ahmed Atef Ibrahim </subfield>
    <subfield code="a">17MCEM03</subfield>
    <subfield code="a">Supervisor - Prof Dr. Abdullah Saand</subfield>
  </datafield>
  <datafield tag="245" ind1=" " ind2=" ">
    <subfield code="a">Effect of An Excavation on The Response of Adjacent Shallow Foundation in Clay </subfield>
  </datafield>
  <datafield tag="260" ind1=" " ind2=" ">
    <subfield code="a">Nawabshah:</subfield>
    <subfield code="b">QUEST,</subfield>
    <subfield code="c">2019 .</subfield>
  </datafield>
  <datafield tag="300" ind1=" " ind2=" ">
    <subfield code="a">26p.</subfield>
  </datafield>
  <datafield tag="500" ind1=" " ind2=" ">
    <subfield code="a">ABSTRACT

In developing country like Pakistan, population growth rate is h i=h that has caused increased in urbanisation. To accommodate increased population. there is a dire need of high rise buildings especially in most densely populated  cities of the world . Consequently. traffic and parking issues have also increased. To cope with these issues, deep excavations for underground facilities as well as construction of high rise buildings in  urban  areas  is carried out adjacent to existing historic  or old buildings founded on shallow foundation. Excavation may induce unfavourable ground deformations that can affect adjacent structures. This condition leads to a big challenge for civil engineers to assess and  protect the integrity of the historical structure. This research presents three-dimensional coupled consolidation analyses (using  clay  hypoplastic  constitutive  model  which  takes  account  of small-strain stiffness) to investigate the responses of a shallow foundation to adjacent excavation at different depths and clear distance between the footing and diaphragm wall i n soft clay. It was revealed that the excavation depth and the clear distance between the footing and the diaphragm wall have significant effect on induced settlement and lateral  movement  due  to  excavation.  Moreover,  the apparent  losses  in  bearing capacity due to induced settlement of the footings located at 1.0, 1.5, 2.0, 4.0, 6.0, 8.0
m from the diaphragm wall are 1.65, 1.73, 1.81, 1.70, 1 .53 and 1 .30 times of ultimate capacity, respectively.</subfield>
  </datafield>
  <datafield tag="700" ind1=" " ind2=" ">
    <subfield code="a">Department of Civil Engineering </subfield>
  </datafield>
  <datafield tag="856" ind1=" " ind2=" ">
    <subfield code="u">http://tinyurl.com/bd6p53mp</subfield>
  </datafield>
  <datafield tag="942" ind1=" " ind2=" ">
    <subfield code="c">THESIS</subfield>
  </datafield>
  <datafield tag="952" ind1=" " ind2=" ">
    <subfield code="0">0</subfield>
    <subfield code="1">0</subfield>
    <subfield code="4">0</subfield>
    <subfield code="7">0</subfield>
    <subfield code="a">RESEARCH</subfield>
    <subfield code="b">RESEARCH</subfield>
    <subfield code="d">2020-03-16</subfield>
    <subfield code="l">0</subfield>
    <subfield code="p">MP/57-722</subfield>
    <subfield code="r">2020-03-16 00:00:00</subfield>
    <subfield code="y">THESIS</subfield>
  </datafield>
  <datafield tag="952" ind1=" " ind2=" ">
    <subfield code="0">0</subfield>
    <subfield code="1">0</subfield>
    <subfield code="4">0</subfield>
    <subfield code="7">0</subfield>
    <subfield code="a">RESEARCH</subfield>
    <subfield code="b">RESEARCH</subfield>
    <subfield code="d">2024-01-05</subfield>
    <subfield code="l">0</subfield>
    <subfield code="p">MP/58-741</subfield>
    <subfield code="r">2024-01-05 00:00:00</subfield>
    <subfield code="w">2024-01-05</subfield>
    <subfield code="y">THESIS</subfield>
  </datafield>
</record>
